=LDR 00000nam 2200000 4500 =001 INLIS000000000012955 =005 20130612104425 =008 ***********************************Ind** =035 ##$$0010-061300000012955 =041 ##$$a Ind =082 ##$$a 738.1 =090 ##$$a 738.1, Sam m =100 ##$$a Sambudi =245 ##$$a Membuat keramik biskuit, Sambudi, S.Sa =260 ##$$a 2004 $b Yogyakarta =300 ##$$a 116 hlm, ilus, 20 cm =650 ##$$a Keramik =850 ##$$a NBPNMAT